000 01328cam a2200313 a 4500
999 _c127855
_d127855
001 2144223
003 ARRUPE
005 20180404115208.0
008 980827s1998 dcua b 000 0 eng
010 _a 98043029
020 _a1557757771
040 _aDLC
_cDLC
_dDLC
050 0 0 _aHG3891
_b.C355 1998
082 0 0 _a332/.042
_221
100 _aEishengreen, Barry
_941291
245 0 0 _aCapital account liberalization :
_btheoretical and practical aspects /
_cby a staff team led by Barry Eichengreen and Michael Mussa ; with Giovanni Dell'Ariccia ... [et al.].
260 _aWashington, D.C. :
_bInternational Monetary Fund,
_c1998.
300 _av, 61 p. :
_bill. ;
_c28 cm.
490 1 _aOccasional paper / International Monetary Fund ;
_v172
504 _aIncludes bibliographical references (p. ).
650 0 _aCapital movements.
_941292
700 1 _aEichengreen, Barry J.
_936723
700 1 _aMussa, Michael.
_941293
700 1 _aDell'Ariccia, Giovanni.
_941294
830 0 _aOccasional paper (International Monetary Fund) ;
_vno. 172.
_941295
856 7 _3Table of contents
_uhttp://lcweb.loc.gov/catdir/toc/98-43029.html
_2http
906 _a7
_bcbc
_corignew
_d1
_eocip
_f19
_gy-gencatlg
942 _2lcc
_cMONOGRAPH